Score 0/15 Timer 04:00
0 Plays Today
% Correct
tw___th
93.5%
booksh___
92.9%
s___ish
88.7%
B___ast
88.1%
w___are
87.8%
barr___ul
87.1%
shov___ul
86.2%
mys___
85.8%
% Correct
dams___ly
82.5%
b___ry
79.4%
G___lings
79%
Bab____ish
78.5%
ang___ish
76.8%
p___
63.5%
d___t
57%
Come Together.
Have Fun.
All Virtual.
We all need to come together. Play Sporcle's virtual live trivia to have fun, connect with people, and get your trivia on. Join a live hosted trivia game for your favorite pub trivia experience done virtually. If a virtual private party is more your thing, go here for details.

You're not logged in!

Compare scores with friends on all Sporcle quizzes.
OR
Log In

Sporcle TV

Today on Sporcle TV


Watch our educational content, quiz creation guides, and fun videos on Sporcle TV.

Show Comments

Extras

Top Quizzes Today


Score Distribution

Paid Content

Your Account Isn't Verified!

In order to create a playlist on Sporcle, you need to verify the email address you used during registration. Go to your Sporcle Settings to finish the process.

Report this User

Report this user for behavior that violates our Community Guidelines.

Details: